Géographie du Mexique A-Z - Statistiques

Statistiques générales
  • Ce quiz a été pris 42 fois
  • Le résultat moyen est 11 sur 25
Statistiques - réponses
Lettre Pop ou indice Lieux Définition % Correct
M 8.463.906 hab Mexico C'est tout simplement la capitale du pays
97%
A 616.394 hab Acapulco Station balnéaire du sud du Mexique sur le Pacifique
95%
G Pays Guatemala Le Mexique partage 871 km de frontière avec ce pays
92%
H 20 842 km2 Hidalgo Cet état à pour le nom celui de la Maire de Paris
84%
C 3.742.000 hab Chihuahua On peut dire qu'il a du chien
81%
Y 1.955.577 hab Yucatan Il est connu pour sa péninsule dans le sud-est du pays
81%
L 215.178 hab La Paz Cette ville péninsulaire à le même nom que la capitale bolivienne
73%
R Fleuve Rio Grande Ce cours d'eau sépare naturellement le Mexique avec son voisin du Nord
73%
T 1.286.187 hab Tijuana Si on quitte le nord de cette ville, nous nous retrouvons enCalifornie
68%
V 8.060.000 hab Veracruz État le plus peuplé si on enlève la capitale et son district
49%
B 3.769.000 hab Basse-Californie Cet état possède le désert de Mexicali, les températures yavoisinent les 50°C
38%
J 1.301.452 hab Juárez Plus grande ville de l'état (réponse C)
35%
D 1.832.650 hab Durango Il est reconnu comme l'état le plus froid du pays
30%
P 6.583.000 hab Puebla La plus grande population de langue nahuatl y est représentée
30%
N 5.784.000 hab Nuevo León Cet état à Monterrey pour plus grande ville
27%
Q 801.940 hab Querétaro Son pont de 23m de haut et 1.2km de long est au patrimoinemondial de l'UNESCO avec ses 74 voutes
24%
E 1.687.549 hab Ecatepec Situé dans la banlieue de la capitale, c'est la deuxième villedu pays
19%
O Pic Orizaba C'est le point culminant du pays avec 5 675m d'altitude
19%
X 331.321 hab Xico Enlevé le préfixe d'une ville du quiz, pour en découvrir unenouvelle sur le Lac de Chalco
16%
Z 1.490.668 hab Zacatecas En Nahuatl, son nom signifie "Là ou il y a beaucoup d'herbe"
16%
I 1.759 hab Iturbide Cette ville à le nom de famille d'Augustin 1er, héros de l'indépendance du Mexique
14%
K 12 villes Kilométro Dans le Veracruz, certaines villes évoque la distance qu'il y aentre elle et la capitale de l'état Xalapa
8%
S 633.667 hab Saltillo Cette ville est connu pour sa pièce de tissu multicolore, leSarape, qui en fait sa réputation
8%
U 299.523 hab Uruapan Dans cette ville, les arbres contiennent des fruits toutes l'année
5%
F 143.281 hab Fresnillo Cette ville a inauguré le monument Dame de Guadalupe
3%
Aucun quiz correspondant
Distribution des résultats
% des personnes avec chaque résultat
Percentile par nombre de réponses
Votre historique - résultats
Vous n’avez pas pris ce quiz